01106nam a2200229 a 450000100100000000500170001000800410002702000180006804000250008610000380011124501120014926000580026130000270031950000730034650000630041950400350048204900090051795201050052695201170063195201110074899900170085900003428120200930073622.0110929s2011 pr 000 0 spa d a9780975973158 aDO-SdBNPbspacBNPHU1 aFabián Maldonado, Ana M.95970813aEl impacto del diagnóstico de cáncer de seno en la mujer puertorriqueña /cAna M. Fabián Maldonado. aPuerto Rico :bInstituto de Estado del Caribe,c2011. a212 p. :bil ;c23 cm. aIncluye referencias bibliográficas y notas al pie de las páginas aIncluye datos biográficos del autor en la contracubierta aBibliográfía : p. 209 -212 aBNPD 001050718MOaGRbGRcCTd2011-09-29iLF1l0o p34281-10r2020-06-25w2020-06-25y1ZNo se presta 001054708MOaGRbGRcCTd2011-09-29iLF1l0o p34281-20r2020-06-25te. 3w2020-06-25y4ZPréstamo en sala 001050718MOaGRbGRcCTd2011-09-29iLF1l0o p34281-30r2020-06-25te. 2w2020-06-25y1ZNo se presta c33772d33772